| 000 | 00580nam a2200157Ia 4500 | ||
|---|---|---|---|
| 008 | 140925s9999 xx 000 0 und d | ||
| 245 |
_aEducation Commons / _h[electronic resource] |
||
| 260 |
_bDigital Commons Network, _c[ca.2010] |
||
| 516 | _aElectronic text | ||
| 650 | _aCommon Education. | ||
| 650 | _aSpecial Education. | ||
| 830 | _aDigital Commons Network | ||
| 856 | _uhttp://network.bepress.com/explore/education/?facet=discipline:%22Special+Education+and+Teaching%22&facet=subject_facet:%22Learning+disabilities%22 | ||
| 942 | _cEJ | ||
| 999 |
_c275723 _d275723 |
||